मोनेर मानुष (Record no. 1466642)

MARC details
000 -LEADER
fixed length control field 01180 a2200265 4500
005 - DATE AND TIME OF LATEST TRANSACTION
control field 20260320155613.0
008 - FIXED-LENGTH DATA ELEMENTS--GENERAL INFORMATION
fixed length control field 260320b |||||||| |||| 00| 0 eng d
020 ## - INTERNATIONAL STANDARD BOOK NUMBER
International Standard Book Number 9788126340477 (hbk)
037 ## - SOURCE OF ACQUISITION
Terms of availability TB
040 ## - CATALOGING SOURCE
Original cataloging agency CRL
Transcribing agency CRL
041 ## - LANGUAGE CODE
Source of code hin
Language code of text/sound track or separate title hin
Language code of original ben
084 ## - COLON CLASSIFICATION NUMBER
Classification number O157,3N35,MM 152Q0;Q2
Assigning agency CRL
100 ## - MAIN ENTRY--PERSONAL NAME
Personal name गंगोपाध्याय, सुनील
9 (RLIN) 860525
245 ## - TITLE STATEMENT
Title मोनेर मानुष
250 ## - EDITION STATEMENT
Edition statement संस्करण 3
260 ## - PUBLICATION, DISTRIBUTION, ETC.
Name of publisher, distributor, etc. भारतीय ज्ञानपीठ,
Date of publication, distribution, etc. 2012.
Place of publication, distribution, etc. नयी दिल्ली, भारत:
300 ## - PHYSICAL DESCRIPTION
Extent 138पृ.
365 ## - TRADE PRICE
Price amount INR 150.00
490 ## - SERIES STATEMENT
Series statement राष्ट्रभारती लोकोदय प्रकाशन: ग्रंथांक 995
546 ## - LANGUAGE NOTE
Language note Translated from Bengali to Hindi
650 ## - SUBJECT ADDED ENTRY--TOPICAL TERM
Topical term or geographic name entry element बंगाली कहानी
700 ## - ADDED ENTRY--PERSONAL NAME
Personal name कान्ति, सुशील
Relator term अनुवादक
9 (RLIN) 1132732
942 ## - ADDED ENTRY ELEMENTS (KOHA)
Koha item type Textbook
Source of classification or shelving scheme Colon Classification (CC)
Edition संस्करण 3
Classification part O157,3N35,MM 152Q0;Q2
Holdings
Withdrawn status Lost status Source of classification or shelving scheme Damaged status Not for loan Home library Current library Date acquired Source of acquisition Cost, normal purchase price Inventory number Total Checkouts Full call number Barcode Date last seen Cost, replacement price Price effective from Koha item type
    Colon Classification (CC)     Central Library Central Library 2026-01-15 76/ वाणी प्रकाशन 120.00 476 & 2026-01-12   O157,3N35,MM 152Q0;Q2 CL1925301 2026-01-15 150.00 2026-01-15 Textbook
Copyright @ Delhi University Library System